000 00830cab a2200217 4500
001 L136086
008 070108n2007 000 0 eng u
035 _a(Sirsi) u136086
041 0 _aeng
100 1 _aMoore, Charlotte
245 0 0 _aFocus
_bLondon and south west boroughs
260 _c2007
490 0 _aEstates Gazette
_v(0701) 6 January 2007, 71-83
520 _aAgents predict London's markets will move forward. The implications of the redevelopment of Waterloo on the Lambeth area. The development of property in Wandsworth may have implications on small office schemes. Further retail developments have been proposed in Kingston.
590 _aKA
651 4 _aLONDON
690 _aPROPERTY-COMMERCIAL PROPERTY-COMMERCIAL PROPERTY MARKET
700 1 _aTaylor, Andrew
700 1 _aHarris, David
942 _n0
999 _c78125
_d78125